Transition? To rule of law? (Registro nro. 303103)

Detalles MARC
000 -ENCABEZADO
Número de control [NR] 01094cam a2200265 a 4500
005 - FECHA Y HORA DE LA ÚLTIMA TRANSACCIÓN
control field 20160414170301.0
008 - DE LONGITUD FIJA DE DATOS DE ELEMENTOS - INFORMACIÓN GENERAL
Elementos de longitud fija [NR] 160414s2008 hu fr 001 0 eng d
020 ## - NUMERO INTERNACIONAL NORMALIZADO PARA LIBROS [R]
Número Internacional Normalizado del libro [NR] 9789639735446
035 ## - NUMERO DE CONTROL DEL SISTEMA [R]
Número de control del sistema [NR] (OCoLC)225219889
Numero Cancelado/no válido [R] (OCoLC)751845053
040 ## - FUENTE DE CATALOGACION [NR]
Agencia de catalogación original [NR] CO-BoUCm
Idioma de catalogación [NR] spa
Quien Cataloga Sandra Palacio
Quien Clasifica Sandra Palacio
041 1# - CODIGO DE IDIOMA [R]
Código de idioma para texto/pista de sonido o título separado [R] Inglés
100 1# - ASIENTO PRINCIPAL--NOMBRE PERSONAL [NR]
Nombre personal [NR] Varga, Csaba
Fechas asociadas con el nombre [NR] 1941-
ID Autoridad 76617
245 10 - MENCION DE TITULO [NR]
Título [NR] Transition? To rule of law?
Parte restante del título [NR] constitutionalism and transitional justice challenged in Central & Eastern Europe
Mención de responsabilidad, etc. [NR] Csaba Varga
246 ## - FORMA VARIANTE DEL TITULO [R]
Título propiamente dicho/forma breve del título [NR] Transition? To rule of law?
Parte restante del título [NR] constitutionalism and transitional justice challenged in Central and Eastern Europe
260 ## - PUBLICACION, DISTRIBUCION, ETC. (PIE DE IMPRENTA) [R]
Lugar de publicación, distribución, etc. [R] Pomáz (Hungría)
Nombre del editor, distribuidor, etc. [R] Kráter
Fecha de publicación, distribución, etc. [R] 2008
300 ## - DESCRIPCION FISICA [R]
Extensión [R] 292 páginas
490 0# - MENCION DE SERIE [R]
Mención de serie [R] PoLíSz
ISBN [NR] 1589-3405
Designación numérica/secuencial del volumen [NR] 6
504 ## - NOTA DE BIBLIOGRAFIA, ETC. [R]
Nota de bibliografía, etc. [NR] Incluye referencias bibliográficas e índices
650 #7 - ASIENTO SECUNDARIO DE MATERIA - TERMINO TEMATICO [R]
Término temático o nombre geográfico como elemento de entrada [NR] Jerarquía normativa
Subdivisión geográfica [R] Europa
9 (RLIN) 18074
650 #7 - ASIENTO SECUNDARIO DE MATERIA - TERMINO TEMATICO [R]
Término temático o nombre geográfico como elemento de entrada [NR] Derecho constitucional
Subdivisión geográfica [R] Europa
9 (RLIN) 45935
650 #7 - ASIENTO SECUNDARIO DE MATERIA - TERMINO TEMATICO [R]
Término temático o nombre geográfico como elemento de entrada [NR] Democratización
9 (RLIN) 12625
690 ## - ASUNTO AGREGADO LOCAL DE ENTRADA - TÉRMINO TEMÁTICO (OCLC, RLIN)
Acceso temático local Derecho constitucional
9 (RLIN) 12725
942 ## - ELEMENTOS DE ENTRADA AGREGADOS (KOHA)
Sistema de clasificación DEWEY
Tipo de ítem principal el descrito en 300a Libro
Tema principal Derecho
Edición 1
Clasificación 342.439
Parte restante de la signatura top. V297trc
Existencias
Signatura topográfica Código de barras Última vez visto Ejemplar Costo de reposición Price effective from Tipo de ítem Perdido Sistema de clasificación Dañado No prestable Tipo de ítem específico Suprimido Ubicación habitual Ubicación actual Localización Fecha de creación Proveedor Forma de adquisición Costo
342.439 V297trc 100149029 12/06/2026 Ej.1 26000.00 30/03/2016 Libro   DEWEY     Libro   Bodega Claustro 3er piso 30/03/2016 12 Donación 0.00